Trouve le pilote de F1 (lettre H) - Statistiques

Statistiques générales
  • Ce quiz a été pris 50 fois
  • Le résultat moyen est 7 sur 11
Statistiques - réponses
Par images Réponse % Correct
Lewis Hamilton
100%
Nico Hülkenberg
87%
Mika Häkkinen
82%
James Hunt
71%
Damon Hill
63%
Graham Hill
63%
Phil Hill
63%
Mike Hawthorn
39%
Brendon Hartley
37%
Denny Hulme
37%
Nick Heidfeld
34%
Aucun quiz correspondant
Distribution des résultats
% des personnes avec chaque résultat
Percentile par nombre de réponses
Votre historique - résultats
Vous n’avez pas pris ce quiz